00780nam a2200181 a 450000100060000000300090000600800410001502000180005604000280007408200200010210000340012224501530015625000060030926001810031530000310049665000260052765000450055324330CO-ViMGA141112s2004 ck r 000 u spa d a9786077743026 aCO-ViMGAbspacCO-ViMGA04a610.73069 O782m1 aOrtega Vargas, Maria Carolina10aManual de evaluación de la calidad del servicio de enfermería : bestrategias para su aplicación / cMaria Carolina Ortega Vargas ... [et al.] a2 aMéxico : bMedica PanAméricana : bUNAM, cEscuela Nacional de Enfermeía y Obstetricia : Secretaria de Salud, cIntituto Nacional de Cardiologia Ignacion Chávez, c2009 aXxii, 272 p. : il. ; 28 cm14aEnfermeria - Manuales14aEnfermeria - Servicios - Administracion